Advanced engineering mathematics (Record no. 2354)

000 -LEADER
fixed length control field 00457nam a22001937a 4500
001 - CONTROL NUMBER
control field 2354
003 - CONTROL NUMBER IDENTIFIER
control field BD-DhUET
008 - FIXED-LENGTH DATA ELEMENTS--GENERAL INFORMATION
fixed length control field 140922b xxu||||| |||| 00| 0 eng d
020 ## - INTERNATIONAL STANDARD BOOK NUMBER
International Standard Book Number 8121903459
040 ## - CATALOGING SOURCE
Transcribing agency 0
Modifying agency BD-DhUET
082 ## - DEWEY DECIMAL CLASSIFICATION NUMBER
Classification number 510
Item number DAS/2007
100 ## - MAIN ENTRY--PERSONAL NAME
Personal name Dass, H.K.
245 ## - TITLE STATEMENT
Title Advanced engineering mathematics
250 ## - EDITION STATEMENT
Edition statement 17th Rev. ed.
260 ## - PUBLICATION, DISTRIBUTION, ETC. (IMPRINT)
Place of publication, distribution, etc. Ram Nagar
Name of publisher, distributor, etc. S. Chand.
Date of publication, distribution, etc. 2007
300 ## - PHYSICAL DESCRIPTION
Extent xvi,1274p.
650 #0 - SUBJECT ADDED ENTRY--TOPICAL TERM
Topical term or geographic name as entry element Mathematics
942 ## - ADDED ENTRY ELEMENTS (KOHA)
Koha item type General Book
Holdings
Lost status Koha item type Copy number Piece designation (barcode) Not for loan Price effective from Koha out on loan Date acquired Damaged status Koha normalized classification for sorting Withdrawn status Koha issues (times borrowed) Source of classification or shelving scheme Sublocation or collection (holding branch) Koha date last borrowed Koha full call number Location (home branch) Koha date last seen Shelving location
 General Book1103924 2014-09-22 2014-09-22 510DAS2007 3 Central Library, BUET2022-11-23510/DAS/2007Central Library, BUET2023-05-06Circulation section
 General Book2103925 2014-09-222026-01-272014-09-22 510DAS2007 6 Central Library, BUET2026-01-13510/DAS/2007Central Library, BUET2026-01-13Circulation section
 General Book3103927 2014-09-22 2014-09-22 510DAS2007 4 Central Library, BUET2024-12-01510/DAS/2007Central Library, BUET2025-02-10Circulation section
 General Book4103928 2014-09-22 2014-09-22 510DAS2007 3 Central Library, BUET2023-03-22510/DAS/2007Central Library, BUET2023-06-05Circulation section
 General Book5103929 2014-09-22 2014-09-22 510DAS2007 1 Central Library, BUET2014-11-12510/DAS/2007Central Library, BUET2016-02-24Circulation section
 General Book7103931 2014-09-22 2014-09-22 510DAS2007 2 Central Library, BUET2023-01-11510/DAS/2007Central Library, BUET2023-02-28Circulation section
 General Book6103930 2014-09-22 2014-09-22 510DAS2007 3 Central Library, BUET2026-04-15510/DAS/2007Central Library, BUET2026-05-09Circulation section
 General Book8103922 2015-01-26 2015-01-26 510_000000000000000_DAS_2007 2 Central Library, BUET2019-01-20510/DAS/2007Central Library, BUET2019-03-31Circulation section
 General Book9103923 2015-09-01 2015-09-01 510DAS_2007_000000000000000 2 Central Library, BUET2025-03-02510DAS/2007Central Library, BUET2025-04-07Circulation section
 General Book10103926 2017-05-292024-12-082007-05-28 510_000000000000000_DAS_2007 11 Central Library, BUET2024-11-24510/DAS/2007Central Library, BUET2024-11-24Circulation section